|
|
|
|
| LEADER |
02020nam a2200517 a 4500 |
| 001 |
000154153 |
| 003 |
CZ BrMZK |
| 005 |
20221011131656.0 |
| 007 |
ta |
| 008 |
960815s1996 xr abf e 000 0 cze d |
| 015 |
|
|
|a cnb000202940
|
| 020 |
|
|
|a 80-85321-17-3
|
| 035 |
|
|
|a (OCoLC)37673120
|
| 040 |
|
|
|a BOA001
|b cze
|
| 041 |
0 |
|
|a cze
|b ger
|
| 043 |
|
|
|a e-xr---
|b e-xr-us
|2 czenas
|
| 072 |
|
7 |
|a 903
|x Pravěk
|2 Konspekt
|9 8
|
| 080 |
|
|
|a 903.2
|2 MRF
|
| 080 |
|
|
|a 069.5:902
|2 MRF
|
| 080 |
|
|
|a 903.4
|2 MRF
|
| 080 |
|
|
|a 903"6383/6385"
|2 MRF
|
| 080 |
|
|
|a 903"6387"
|2 MRF
|
| 080 |
|
|
|a (437.315)
|2 MRF
|
| 080 |
|
|
|a (083.8)
|2 MRF
|
| 100 |
1 |
|
|a Budinský, Petr,
|d 1938-
|7 jk01020160
|4 aut
|
| 245 |
1 |
0 |
|a Mladohalštatský až časně laténský sídlištní materiál z Litoměřicka a z Lounska v archeologické sbírce teplického muzea (fond Teplice) /
|c Peter Budinský
|
| 260 |
|
|
|a Teplice :
|b Regionální muzeum,
|c 1996
|
| 300 |
|
|
|a 122 s., [40] s. obr. příl. :
|b mapy ;
|c 29 cm
|
| 490 |
1 |
|
|a Archeologický výzkum v severních Čechách ;
|v sv. 27
|
| 504 |
|
|
|a Obsahuje bibliografii
|
| 546 |
|
|
|a Německé resumé
|
| 610 |
2 |
7 |
|a Regionální muzeum (Teplice, Česko)
|7 olak2002158651
|2 czenas
|
| 650 |
0 |
7 |
|a archeologické nálezy
|7 ph137683
|z Česko
|2 czenas
|
| 650 |
0 |
7 |
|a archeologické sbírky
|7 ph117095
|z Česko
|2 czenas
|
| 650 |
0 |
7 |
|a sídliště (archeologie)
|7 ph137685
|z Česko
|2 czenas
|
| 650 |
0 |
7 |
|a doba halštatská
|7 ph162015
|z Česko
|2 czenas
|
| 650 |
0 |
7 |
|a doba laténská
|7 ph162016
|z Česko
|2 czenas
|
| 651 |
|
7 |
|a Litoměřice (Česko : oblast)
|7 ge129847
|2 czenas
|
| 651 |
|
7 |
|a Louny (Česko : oblast)
|7 ge129878
|2 czenas
|
| 651 |
|
7 |
|a Teplice (Česko)
|7 ge131058
|2 czenas
|
| 655 |
|
7 |
|a soupisy
|7 fd133560
|2 czenas
|
| 710 |
2 |
|
|a Regionální muzeum (Teplice, Česko)
|7 olak2002158651
|
| 830 |
|
0 |
|a Archeologický výzkum v severních Čechách
|0 s
|
| 910 |
|
|
|a BOA001
|b 4-1030.869
|
| 990 |
|
|
|a BK
|
| 996 |
7 |
|
|b 2610049348
|c 4-1030.869
|l MZK
|r Sklad / do 1 hodiny
|n 5
|p p.v.
|w 000154153
|u 000010
|a 1
|e BOA001
|j MZK50
|s A
|